01469 2200397 4500001002100000005001500021035002000036007000300056008004100059020002200100040002200122082001700144084002000161090002200181100002300203245026600226250003500492300004000527650002200567700003300589700002900622700004700651700002300698700002700721700004200748700003800790700003000828850001200858504003200870264005100902336002100953337003000974338002301004999002201027990002201049INLIS00000000088797820240626094241 a0010-0624000880ta240626s2020 yoia g ind d a978-602-1025-27-7 aYOPDYOGbinderda04223a331.2596 a331.2596 MAS m aCB-D.11 2020-40550 aMasjuliepengarang10aManajemen, teknologi, & komunikasi K3 :bbekerja dengan aman selama pandmi covid-19 /cMasjuli, M. Sandy Tjandra, Muhamad Idham, Wahyu Purbowasito Setyo Waskito, Supandi, Sudi Astono, Budi Sutedjo Dharma Oetomo, Made Yenny Puspitarini; penyunting, Maria Herjani aCetakan pertama, November 2020 aviii, 76 halaman :bgambar ;c23 cm 4aKeselamatan kerja1 aSandy Tjandra, M.epengarang0 aMuhamad Idhamepengarang0 aWahyu Purbowasito Setyo Waskitoepengarang0 aSupandiepengarang0 aSudi Astonoepengarang0 aBudi Sutedjo Dharma Oetomoepengarang0 aMade Yenny Puspitariniepengarang0 aMaria Herjaniepenyunting aYOPDYOG aBibliografi : halaman 72-7431aYogyakarta :bTalenta Indonesia Mandiri,c2020 2rdacontentateks 2rdamediaatanpa perantara 2rdacarrieravolume aCB-D.11/2020-4055 aCB-D.11/2020-4055